[Event "PSNA CET 45th National Junior (U-19) Ch"]
[Site "PSNA College of Engineering &"]
[Date "2015.07.26"]
[Round "5.9"]
[White "Dhulipalla, Bala Chandra Prasad"]
[Black "Barath, Kalyan M"]
[Result "1-0"]
[WhiteElo "2207"]
[BlackElo "1938"]
[PlyCount "153"]
[EventDate "2015.07.23"]
[EventRounds "11"]
[EventCountry "IND"]
[SourceDate "2003.06.08"]

1. e4 c5 2. Nf3 e6 3. d3 Nc6 4. g3 g6 5. Bg2 Bg7 6. O-O Nge7 7. Re1 O-O 8. e5
d5 9. exd6 Qxd6 10. Nbd2 Nd4 11. c3 Nxf3+ 12. Qxf3 Nd5 13. Ne4 Qe7 14. a3 f5
15. Nd2 Qc7 16. Qe2 Bd7 17. Nf3 Rae8 18. c4 Ne7 19. Bf4 Qb6 20. Ne5 Bc8 21. b4
Nc6 22. Bxc6 bxc6 23. Be3 Bxe5 24. Bxc5 Qc7 25. Qxe5 Qxe5 26. Rxe5 Rf7 27. a4
Rd7 28. d4 a6 29. Kf1 Kf7 30. Ke2 Bb7 31. Kd3 Ra8 32. Rae1 Re8 33. Kc3 Rdd8 34.
R5e2 Rd7 35. Ra1 Ra8 36. Ree1 Rdd8 37. Ra3 Rd7 38. Ra2 Rdd8 39. Rae2 Re8 40.
Bd6 Rad8 41. Be5 Rd7 42. Ra1 Ra8 43. Rea2 Rc8 44. h3 Rg8 45. Kd3 Rgd8 46. Ke3
h6 47. Rg1 g5 48. f4 Rg8 49. Rf2 g4 50. Rh2 Kg6 51. Kd3 h5 52. hxg4 fxg4 53.
Re1 Re8 54. Kc3 Rg8 55. c5 Re8 56. Bd6 Rf7 57. Rhe2 Bc8 58. Re5 Rf5 59. Rxf5
Kxf5 60. Re5+ Kg6 61. d5 cxd5 62. b5 axb5 63. axb5 Bd7 64. c6 Rc8 65. Kd4 Bxc6
66. bxc6 Rxc6 67. Rxe6+ Kh7 68. Kxd5 Rc3 69. f5 h4 70. gxh4 Rh3 71. Re4 Rxh4
72. Ke5 Kg7 73. Ra4 Kf7 74. Ra7+ Ke8 75. Ke6 Rh6+ 76. f6 g3 77. Ra8# 1-0

[Event "PSNA CET 45th National Junior (U-19) Ch"]
[Site "PSNA College of Engineering &"]
[Date "2015.07.26"]
[Round "6.1"]
[White "Karthikeyan, Murali"]
[Black "Akash, G."]
[Result "0-1"]
[WhiteElo "2509"]
[BlackElo "2354"]
[PlyCount "104"]
[EventDate "2015.07.23"]
[EventRounds "11"]
[EventCountry "IND"]
[SourceDate "2003.06.08"]

1. e4 c5 2. Nf3 Nc6 3. Nc3 e5 4. Bc4 Be7 5. d3 d6 6. Nd2 Nf6 7. Nf1 Bg4 8. f3
Be6 9. Ne3 O-O 10. O-O a6 11. a4 Nb4 12. Ncd5 Nbxd5 13. exd5 Bd7 14. a5 Nh5 15.
Qd2 f5 16. b4 cxb4 17. Qxb4 Rb8 18. Bb3 Nf4 19. Nc4 Ne2+ 20. Kh1 Bb5 21. Be3
Bxc4 22. Bxc4 Bh4 23. g3 Nxg3+ 24. hxg3 Bxg3 25. Kg2 f4 26. Bf2 Qg5 27. Qxd6
Bh4+ 28. Kh1 Kh8 29. Qd7 Rf5 30. Rg1 Qh6 31. Qxg7+ Qxg7 32. Rxg7 Kxg7 33. Bxh4
Rh5 34. Rg1+ Kh8 35. Rg4 Rg8 36. Kg2 Rxh4 37. Rxg8+ Kxg8 38. d6+ Kf8 39. Bd5
Rh6 40. Bxb7 Rxd6 41. Be4 Ke7 42. c4 h6 43. Kh3 Rd8 44. Kg4 Rg8+ 45. Kh5 Rg1
46. Bb7 Ra1 47. Bxa6 Rxa5 48. Bb5 Ra3 49. c5 Ra5 50. Bc6 Rxc5 51. Be4 Rc1 52.
Kxh6 Rg1 0-1

[Event "PSNA CET 45th National Junior (U-19) Ch"]
[Site "PSNA College of Engineering &"]
[Date "2015.07.26"]
[Round "6.2"]
[White "Harsha, Bharathakoti"]
[Black "Akash Pc, Iyer"]
[Result "1/2-1/2"]
[WhiteElo "2368"]
[BlackElo "2243"]
[PlyCount "133"]
[EventDate "2015.07.23"]
[EventRounds "11"]
[EventCountry "IND"]
[SourceDate "2003.06.08"]

1. Nf3 Nf6 2. c4 e6 3. g3 d5 4. Bg2 Nbd7 5. d4 Bb4+ 6. Bd2 Be7 7. O-O O-O 8.
Qc2 c6 9. Bf4 b6 10. cxd5 cxd5 11. Rc1 Bb7 12. Nc3 a6 13. a4 Nh5 14. Bd2 f5 15.
Na2 Bd6 16. Bb4 Rc8 17. Qb3 Qe7 18. Bxd6 Qxd6 19. a5 b5 20. Qb4 Qxb4 21. Nxb4
h6 22. b3 Nhf6 23. Ne1 Ne4 24. Rd1 Nc3 25. Rd2 Ne4 26. Rdd1 Nc3 27. Rd2 Ne4 28.
Rb2 Kf7 29. f3 Nef6 30. Ned3 Ke7 31. Kf2 Kd6 32. Ke1 Ng8 33. Kd2 Ne7 34. Rc1
Rxc1 35. Kxc1 Nc6 36. Nxc6 Bxc6 37. Rc2 Rb8 38. b4 Re8 39. Kd2 Rf8 40. Rc1 g5
41. Rh1 Rg8 42. Rc1 Rc8 43. Ke3 Bb7 44. Rxc8 Bxc8 45. Nc5 Nb8 46. Kd3 Nc6 47.
Kc3 Ne7 48. Nd3 Nc6 49. Nc5 Ne7 50. Nd3 Nc6 51. e3 Bd7 52. Nc5 Bc8 53. Nd3 Bd7
54. e4 Bc8 55. exd5 exd5 56. f4 g4 57. Ne5 Be6 58. Bf1 Ne7 59. Bd3 Kc7 60. Bc2
Kd6 61. Nd3 Kc6 62. Nc5 Bc8 63. Bd3 Kd6 64. Bf1 Kc6 65. Nd3 Kd6 66. h3 h5 67.
h4 1/2-1/2

[Event "PSNA CET 45th National Junior (U-19) Ch"]
[Site "PSNA College of Engineering &"]
[Date "2015.07.26"]
[Round "6.3"]
[White "Sai Agni Jeevitesh, J."]
[Black "Aravindh, Chithambaram Vr"]
[Result "0-1"]
[WhiteElo "2184"]
[BlackElo "2507"]
[PlyCount "147"]
[EventDate "2015.07.23"]
[EventRounds "11"]
[EventCountry "IND"]
[SourceDate "2003.06.08"]

1. d4 d5 2. c4 Nc6 3. cxd5 Qxd5 4. e3 e5 5. Nc3 Bb4 6. Bd2 Bxc3 7. bxc3 Nf6 8.
c4 Qd6 9. d5 Ne7 10. Ne2 c6 11. dxc6 Nxc6 12. Ng3 h5 13. Qc2 h4 14. Nf5 Bxf5
15. Qxf5 Rd8 16. Rd1 h3 17. gxh3 Rh5 18. Qb1 Qe6 19. Rg1 g6 20. Qxb7 Rb8 21.
Qa6 Kf8 22. f3 Kg7 23. Bc3 Rb6 24. Qa3 Nd4 25. Bxd4 exd4 26. Rxd4 Ra5 27. Qc3
Rxa2 28. Rg2 Ra5 29. Rgd2 Rb1+ 30. Rd1 Rxd1+ 31. Rxd1 Rf5 32. e4 Rc5 33. Rd5
Rc6 34. Qd4 Kh7 35. Rd8 Qe7 36. Be2 Re6 37. c5 Qc7 38. Rd6 Ne8 39. Rxe6 fxe6
40. e5 Ng7 41. Qd6 Qa5+ 42. Kf2 Nf5 43. Qxe6 Qxc5+ 44. Kg2 Ne3+ 45. Kg3 Nf5+
46. Kg2 Qe3 47. Qf7+ Kh6 48. Qf8+ Kg5 49. Qf6+ Kf4 50. Qa6 Kxe5 51. Qc4 Qg5+
52. Kh1 Qd2 53. Qb5+ Kf4 54. Qb8+ Ke3 55. Bf1 Kf2 56. Qxa7+ Ne3 57. Qa6 g5 58.
Qe2+ Qxe2 59. Bxe2 Kxe2 60. h4 gxh4 61. f4 Kf2 62. h3 Nf1 63. f5 Ng3+ 64. Kh2
Nf1+ 65. Kh1 Ng3+ 66. Kh2 Nxf5 67. Kh1 Kg3 68. Kg1 Kxh3 69. Kh1 Kg3 70. Kg1 h3
71. Kh1 Nd6 72. Kg1 Ne4 73. Kh1 Nf2+ 74. Kg1 0-1

[Event "PSNA CET 45th National Junior (U-19) Ch"]
[Site "PSNA College of Engineering &"]
[Date "2015.07.26"]
[Round "6.4"]
[White "Krishna Teja, N."]
[Black "Abhilash, Reddy M.L"]
[Result "1/2-1/2"]
[WhiteElo "2192"]
[BlackElo "2224"]
[PlyCount "39"]
[EventDate "2015.07.23"]
[EventRounds "11"]
[EventCountry "IND"]
[SourceDate "2003.06.08"]

1. Nf3 Nf6 2. d4 c6 3. c4 d5 4. e3 Bf5 5. cxd5 cxd5 6. Nc3 Nc6 7. Ne5 a6 8. Be2
e6 9. g4 Bg6 10. h4 Nb4 11. Qa4+ Nd7 12. Nxd7 Qxd7 13. Bb5 Nc6 14. Bxc6 Qxc6
15. Qxc6+ bxc6 16. h5 Bd3 17. Kd2 Bb5 18. b3 a5 19. Nxb5 cxb5 20. a4 1/2-1/2

[Event "PSNA CET 45th National Junior (U-19) Ch"]
[Site "PSNA College of Engineering &"]
[Date "2015.07.26"]
[Round "6.5"]
[White "Sahoo, Utkal Ranjan"]
[Black "Hirthickkesh, Pr"]
[Result "1-0"]
[WhiteElo "2215"]
[BlackElo "2202"]
[PlyCount "137"]
[EventDate "2015.07.23"]
[EventRounds "11"]
[EventCountry "IND"]
[SourceDate "2003.06.08"]

1. d4 Nf6 2. c4 e6 3. Nf3 Bb4+ 4. Bd2 a5 5. Nc3 b6 6. e3 Bb7 7. Bd3 O-O 8. Qc2
d6 9. O-O Nbd7 10. e4 e5 11. Nd5 Bxd2 12. Qxd2 exd4 13. Nxd4 Nc5 14. f3 Nxd5
15. exd5 Qf6 16. Bc2 g6 17. b3 Rfe8 18. Nb5 Re7 19. Qd4 Qxd4+ 20. Nxd4 Rae8 21.
Kf2 b5 22. cxb5 Bxd5 23. Rfe1 Re5 24. g3 Kf8 25. f4 Rh5 26. Rxe8+ Kxe8 27. h4
Ne6 28. Bd1 Rh6 29. Ke3 Ng7 30. Rc1 Kd8 31. Bg4 Nh5 32. Bf3 Bxf3 33. Kxf3 Nf6
34. Nc6+ Kd7 35. Re1 Ng8 36. Nxa5 Rh5 37. a4 Ne7 38. Nc4 Rc5 39. b6 cxb6 40.
Nxb6+ Kd8 41. Re3 Nf5 42. Rd3 Rc1 43. b4 Kc7 44. Nd5+ Kc6 45. Ne3 Nxe3 46. Kxe3
Ra1 47. a5 Rb1 48. Ra3 Kb7 49. Kd4 Rxb4+ 50. Kd5 Ka6 51. Kxd6 Re4 52. Rc3 Kxa5
53. Rc7 Re6+ 54. Kc5 Ka4 55. Rxf7 Re3 56. Rxh7 Rxg3 57. Kd5 Kb5 58. Rb7+ Ka6
59. Rg7 Rg4 60. f5 Rxh4 61. fxg6 Rg4 62. Ke5 Kb6 63. Kf6 Kc6 64. Re7 Kd6 65.
Re1 Rf4+ 66. Kg7 Rf2 67. Kg8 Rg2 68. g7 Kd7 69. Re4 1-0

[Event "PSNA CET 45th National Junior (U-19) Ch"]
[Site "PSNA College of Engineering &"]
[Date "2015.07.26"]
[Round "6.6"]
[White "Varun, V."]
[Black "Dhulipalla, Bala Chandra Prasad"]
[Result "0-1"]
[WhiteElo "2171"]
[BlackElo "2207"]
[PlyCount "99"]
[EventDate "2015.07.23"]
[EventRounds "11"]
[EventCountry "IND"]
[SourceDate "2003.06.08"]

1. Nf3 Nf6 2. g3 g6 3. Bg2 Bg7 4. O-O O-O 5. c4 d6 6. Nc3 a6 7. d3 e5 8. Bg5 h6
9. Bxf6 Qxf6 10. Nd2 Qd8 11. Rb1 c6 12. b4 e4 13. Qc2 exd3 14. exd3 Be6 15. a4
Nd7 16. a5 Rc8 17. Nb3 Re8 18. h3 h5 19. Ne2 f5 20. Rfd1 h4 21. Qd2 Rc7 22.
Nbd4 hxg3 23. fxg3 Bf7 24. b5 Ne5 25. bxa6 bxa6 26. Rb6 d5 27. c5 Nd7 28. Nxc6
Qc8 29. Nb4 Nxb6 30. cxb6 Rce7 31. Rc1 Qd7 32. Rc7 Qd6 33. Rxe7 Qxe7 34. Nxa6
Qxe2 35. Qxe2 Rxe2 36. b7 Be5 37. d4 Bd6 38. Nb4 Re1+ 39. Kf2 Ra1 40. a6 Kf8
41. Bf1 Be8 42. Be2 Ke7 43. Nxd5+ Kd8 44. Nb6 Bd7 45. Nd5 Bb8 46. Bd3 Ra3 47.
Ke2 Bxg3 48. Nc3 Bb8 49. Kd2 g5 50. Kc2 0-1

[Event "PSNA CET 45th National Junior (U-19) Ch"]
[Site "PSNA College of Engineering &"]
[Date "2015.07.26"]
[Round "6.7"]
[White "Gajwa, Ankit"]
[Black "Karthik, V.   Ap"]
[Result "1/2-1/2"]
[WhiteElo "2107"]
[BlackElo "2256"]
[PlyCount "174"]
[EventDate "2015.07.23"]
[EventRounds "11"]
[EventCountry "IND"]
[SourceDate "2003.06.08"]

1. e4 c6 2. d4 d5 3. e5 Bf5 4. Nf3 e6 5. Be2 Nd7 6. c3 h6 7. O-O Bh7 8. Bd3
Bxd3 9. Qxd3 Ne7 10. Na3 Nf5 11. Nc2 Rc8 12. Qe2 c5 13. dxc5 Bxc5 14. Ncd4 Nxd4
15. cxd4 Be7 16. Be3 O-O 17. Qd2 Nb6 18. b3 Nd7 19. Rac1 Rxc1 20. Rxc1 Nb8 21.
Ne1 Nc6 22. Nd3 Ba3 23. Rc2 Qe7 24. Nf4 a5 25. h3 Ra8 26. Nh5 Qh4 27. Nf4 Bb4
28. Qd1 g6 29. g3 Qd8 30. Ne2 Kh7 31. h4 Be7 32. Qd2 Qf8 33. Kg2 a4 34. h5 axb3
35. hxg6+ fxg6 36. axb3 Qf5 37. Rc1 Rf8 38. Rh1 g5 39. Rf1 Bb4 40. Qd1 Qe4+ 41.
Kg1 Kg7 42. Qb1 Qf3 43. Qd1 Ra8 44. Nc1 Qxd1 45. Rxd1 Ra1 46. Rf1 Rb1 47. f4 g4
48. f5 exf5 49. Ne2 Rxb3 50. Kf2 Rb2 51. Rh1 Bd2 52. Bxd2 Rxd2 53. Ke3 Rb2 54.
Rc1 Rb3+ 55. Kd2 h5 56. Rc5 h4 57. gxh4 g3 58. Rc1 Rf3 59. Rb1 Na5 60. Rg1 f4
61. Ke1 Nc4 62. Rf1 Rxf1+ 63. Kxf1 Nd2+ 64. Kg1 Nf3+ 65. Kf1 Nd2+ 66. Kg1 f3
67. Nxg3 Kg6 68. Kf2 b5 69. h5+ Kg5 70. e6 Nc4 71. Kxf3 Nd6 72. Ne2 Nf5 73. h6
Kxh6 74. Kf4 Ne7 75. Ke5 Kg7 76. Nf4 b4 77. Nxd5 Nc6+ 78. Ke4 b3 79. Kd3 b2 80.
Nc3 Kf6 81. d5 Nd8 82. Kc2 Nxe6 83. Kxb2 Nf4 84. d6 Ke6 85. Ne4 Nd3+ 86. Kc3
Nc5 87. Nxc5+ Kxd6 1/2-1/2

[Event "PSNA CET 45th National Junior (U-19) Ch"]
[Site "PSNA College of Engineering &"]
[Date "2015.07.26"]
[Round "6.8"]
[White "Sai, Vishwesh.C"]
[Black "Shailesh, Dravid"]
[Result "1-0"]
[WhiteElo "2318"]
[BlackElo "2188"]
[PlyCount "189"]
[EventDate "2015.07.23"]
[EventRounds "11"]
[EventCountry "IND"]
[SourceDate "2003.06.08"]

1. d4 Nf6 2. Nc3 e6 3. e4 d5 4. Bg5 dxe4 5. Nxe4 Be7 6. Bxf6 gxf6 7. Nf3 a6 8.
Qd3 b5 9. g3 Bb7 10. Bg2 Nd7 11. O-O Bd5 12. Rfe1 O-O 13. Nc3 c6 14. Nh4 Nb6
15. a4 b4 16. Nd1 f5 17. a5 Nc8 18. Bxd5 Qxd5 19. Re5 Qd7 20. Nf3 Rd8 21. Re2
c5 22. Ne3 cxd4 23. Nc4 Bf6 24. Nfe5 Bxe5 25. Nxe5 Qd5 26. Ra4 f6 27. Nf3 Ne7
28. Rxb4 e5 29. Nxd4 Qxa5 30. Qb3+ Qd5 31. Rb7 Qxb3 32. Nxb3 Kf7 33. Nc5 Rd6
34. f4 e4 35. Kf2 h5 36. c3 a5 37. Nb3 Ke8 38. Rb5 Rd5 39. Rxd5 Nxd5 40. Nd4
Ne7 41. b3 Kf7 42. Ra2 Nd5 43. Nxf5 Nxc3 44. Rc2 Nd5 45. Nd6+ Ke6 46. Nxe4 Rb8
47. Rc6+ Kf5 48. Nd6+ Kg6 49. Rc5 Ne7 50. Rc7 Nf5 51. Rb7 Ra8 52. Nc4 Ra6 53.
Nb2 Rc6 54. Nc4 a4 55. Nd2 Rc2 56. Ke2 axb3 57. Kd3 h4 58. g4 Nh6 59. h3 Rc1
60. Nf3 Nf5 61. gxf5+ Kxf5 62. Nxh4+ Kxf4 63. Rxb3 Rg1 64. Ke2 Rg3 65. Rb4+ Kg5
66. Nf3+ Kf5 67. h4 Rg8 68. Kf2 Rg7 69. Nh2 Ra7 70. Nf1 Ra2+ 71. Kf3 Ra3+ 72.
Ne3+ Kg6 73. Rc4 Kh5 74. Kf2 Ra2+ 75. Nc2 f5 76. Kg3 f4+ 77. Kh3 Rb2 78. Rc5+
Kh6 79. Kg4 Rb1 80. Nd4 Rf1 81. Rc6+ Kh7 82. Nf3 Ra1 83. Ng5+ Kg7 84. h5 Rg1+
85. Kf5 Rh1 86. Rg6+ Kf8 87. Ne6+ Kf7 88. Rg7+ Ke8 89. Nxf4 Kf8 90. Ne6+ Ke8
91. Kg6 Rg1+ 92. Ng5 Kf8 93. h6 Rg2 94. Rf7+ Ke8 95. h7 1-0

[Event "PSNA CET 45th National Junior (U-19) Ch"]
[Site "PSNA College of Engineering &"]
[Date "2015.07.26"]
[Round "6.9"]
[White "Abhishek, T M."]
[Black "Sammed Jaykumar, Shete"]
[Result "1/2-1/2"]
[WhiteElo "1752"]
[BlackElo "2267"]
[PlyCount "116"]
[EventDate "2015.07.23"]
[EventRounds "11"]
[EventCountry "IND"]
[SourceDate "2003.06.08"]

1. e4 c6 2. d4 d5 3. exd5 cxd5 4. Bd3 Nc6 5. c3 Nf6 6. Nf3 g6 7. O-O Bg7 8. Bf4
O-O 9. Nbd2 Nh5 10. Bg3 Nxg3 11. hxg3 b6 12. Re1 Bb7 13. Nf1 Rc8 14. N1h2 Na5
15. Ng4 e6 16. Nge5 Nc4 17. Nxc4 dxc4 18. Be4 Qc7 19. Bxb7 Qxb7 20. Qe2 b5 21.
Nd2 Rfd8 22. Ne4 Rd5 23. Nc5 Qb6 24. Qg4 Rcd8 25. b4 cxb3 26. Nxb3 e5 27. dxe5
Bxe5 28. Rac1 h5 29. Qh4 Bf6 30. Qb4 Rd3 31. c4 bxc4 32. Qxb6 axb6 33. Rxc4 b5
34. Rc6 Kg7 35. Rb6 b4 36. Rb7 Rd1 37. Rxd1 Rxd1+ 38. Kh2 Bc3 39. Re7 Rf1 40.
Re2 Be1 41. f3 Bf2 42. Nd2 Bg1+ 43. Kh3 Rd1 44. g4 hxg4+ 45. Kxg4 Bc5 46. Nb3
Bd6 47. Rd2 f5+ 48. Kg5 Be7+ 49. Kf4 Re1 50. g4 Kf6 51. gxf5 gxf5 52. Kg3 Ke5
53. Na5 Bc5 54. Nc4+ Ke6 55. Kf4 Rc1 56. Re2+ Kf6 57. Nb2 Rc3 58. Kg3 Rc1
1/2-1/2

[Event "PSNA CET 45th National Junior (U-19) Ch"]
[Site "PSNA College of Engineering &"]
[Date "2015.07.27"]
[Round "7.1"]
[White "Akash, G."]
[Black "Akash Pc, Iyer"]
[Result "1-0"]
[WhiteElo "2354"]
[BlackElo "2243"]
[PlyCount "73"]
[EventDate "2015.07.23"]
[EventRounds "11"]
[EventCountry "IND"]
[SourceDate "2003.06.08"]

1. e4 d6 2. d4 Nf6 3. Nc3 c6 4. f4 Qa5 5. Bd3 e5 6. Nf3 exd4 7. Nxd4 g6 8. Nb3
Qc7 9. O-O Bg7 10. Qe1 Nbd7 11. Qh4 Qb6+ 12. Kh1 O-O 13. e5 dxe5 14. f5 a5 15.
a3 e4 16. Nxe4 Nxe4 17. Bxe4 a4 18. Nd2 Qd8 19. Qf2 Qe7 20. Bd3 Qc5 21. Qh4 Nf6
22. b4 Qe5 23. Rb1 Nd5 24. Bb2 Bf6 25. Qf2 Qc7 26. Bxf6 Nxf6 27. Qd4 Nh5 28.
fxg6 hxg6 29. Bxg6 fxg6 30. Rxf8+ Kxf8 31. Qh8+ Ke7 32. Re1+ Kf7 33. Rf1+ Ke6
34. Qe8+ Kd6 35. Nc4+ Kd5 36. Ne3+ Kd4 37. c3+ 1-0

[Event "PSNA CET 45th National Junior (U-19) Ch"]
[Site "PSNA College of Engineering &"]
[Date "2015.07.27"]
[Round "7.2"]
[White "Aravindh, Chithambaram Vr"]
[Black "Sahoo, Utkal Ranjan"]
[Result "1-0"]
[WhiteElo "2507"]
[BlackElo "2215"]
[PlyCount "73"]
[EventDate "2015.07.23"]
[EventRounds "11"]
[EventCountry "IND"]
[SourceDate "2003.06.08"]

1. e4 e6 2. d4 d5 3. Nc3 dxe4 4. Nxe4 Bd7 5. Nf3 Bc6 6. Bd3 Nd7 7. O-O Ngf6 8.
Ng3 Be7 9. c4 Bxf3 10. Qxf3 c6 11. b3 Qa5 12. Bc2 O-O 13. a3 Rad8 14. Bf4 b5
15. Rfd1 bxc4 16. bxc4 Rfe8 17. Ne4 e5 18. Be3 exd4 19. Bxd4 c5 20. Bc3 Qa6 21.
Qf4 Nxe4 22. Qxe4 g6 23. Qf4 Nf8 24. Re1 Ne6 25. Qe5 Nd4 26. Bxd4 cxd4 27. Bd3
Qc6 28. Qf4 Bxa3 29. Rxe8+ Rxe8 30. Rxa3 Re1+ 31. Bf1 Qxc4 32. Qb8+ Kg7 33.
Qe5+ Rxe5 34. Bxc4 Re1+ 35. Bf1 Re7 36. Ra4 Rd7 37. Bb5 1-0

[Event "PSNA CET 45th National Junior (U-19) Ch"]
[Site "PSNA College of Engineering &"]
[Date "2015.07.27"]
[Round "7.3"]
[White "Dhulipalla, Bala Chandra Prasad"]
[Black "Sai, Vishwesh.C"]
[Result "1/2-1/2"]
[WhiteElo "2207"]
[BlackElo "2318"]
[PlyCount "53"]
[EventDate "2015.07.23"]
[EventRounds "11"]
[EventCountry "IND"]
[SourceDate "2003.06.08"]

1. Nf3 Nf6 2. g3 g6 3. Bg2 Bg7 4. O-O O-O 5. d3 d5 6. Nbd2 c5 7. e4 dxe4 8.
dxe4 Nc6 9. c3 b6 10. Qe2 a5 11. Rd1 Ba6 12. Qe1 Nd7 13. Bf1 Qc8 14. Nc4 b5 15.
Bh3 Nde5 16. Ncxe5 Nxe5 17. Nxe5 Qxh3 18. Nd7 Rfe8 19. Nxc5 Bc8 20. f3 b4 21.
cxb4 axb4 22. Qf2 Be6 23. Nd3 Bxa2 24. Nxb4 Bb3 25. Rxa8 Rxa8 26. Re1 Qd7 27.
Be3 1/2-1/2

[Event "PSNA CET 45th National Junior (U-19) Ch"]
[Site "PSNA College of Engineering &"]
[Date "2015.07.27"]
[Round "7.4"]
[White "Abhilash, Reddy M.L"]
[Black "Karthikeyan, Murali"]
[Result "0-1"]
[WhiteElo "2224"]
[BlackElo "2509"]
[PlyCount "60"]
[EventDate "2015.07.23"]
[EventRounds "11"]
[EventCountry "IND"]
[SourceDate "2003.06.08"]

1. d4 d5 2. Nf3 Nf6 3. c4 e6 4. Nc3 Be7 5. Bf4 O-O 6. e3 b6 7. h3 Bb7 8. Be2
dxc4 9. Bxc4 a6 10. O-O b5 11. Bd3 Nbd7 12. Ne5 c5 13. Be2 cxd4 14. Qxd4 Nb6
15. Qd1 Rc8 16. Rc1 b4 17. Nb1 Rxc1 18. Qxc1 Qa8 19. Bf3 Rc8 20. Qd1 Ne4 21.
Qe2 f6 22. Nd3 Bd5 23. b3 e5 24. Bg4 Nc3 25. Nxc3 Rxc3 26. Bg3 Bxg2 27. Re1 Be4
28. Nc1 Qc6 29. Qd1 f5 30. Be2 f4 0-1

[Event "PSNA CET 45th National Junior (U-19) Ch"]
[Site "PSNA College of Engineering &"]
[Date "2015.07.27"]
[Round "7.5"]
[White "Harsha, Bharathakoti"]
[Black "Krishna Teja, N."]
[Result "1/2-1/2"]
[WhiteElo "2368"]
[BlackElo "2192"]
[PlyCount "147"]
[EventDate "2015.07.23"]
[EventRounds "11"]
[EventCountry "IND"]
[SourceDate "2003.06.08"]

1. c4 c5 2. g3 g6 3. Bg2 Bg7 4. Nc3 Nc6 5. Nf3 Nf6 6. d4 cxd4 7. Nxd4 O-O 8.
O-O Qb6 9. Nc2 d6 10. b3 Qa5 11. Bb2 Qh5 12. e4 Bg4 13. f3 Bh3 14. Qd2 Bxg2 15.
Kxg2 Rfd8 16. Rad1 a6 17. Ne3 e6 18. Qf2 b5 19. Rd2 Qc5 20. Rc1 Qb6 21. Rcd1
Ne8 22. Ne2 Bxb2 23. Rxb2 Rab8 24. Rbd2 Na5 25. cxb5 axb5 26. Rc2 Rdc8 27. Rdc1
Qb7 28. Nd4 b4 29. Qd2 Rxc2 30. Rxc2 Nf6 31. Ne2 Qb6 32. Qd4 Qxd4 33. Nxd4 Ne8
34. Nc4 Nxc4 35. Rxc4 d5 36. exd5 exd5 37. Rc2 Kg7 38. Kf2 Nd6 39. Ke3 h5 40.
Kd3 Rb7 41. Rc5 Ra7 42. Rc2 Rb7 43. Rc6 Nb5 44. Ra6 Nxd4 45. Kxd4 Rc7 46. Kxd5
Rc2 47. h4 Rc3 48. Ke4 Kh6 49. Kf4 Rc2 50. Ra4 Re2 51. Ra6 Kg7 52. Ra7 Kf6 53.
Ra4 Kg7 54. Rxb4 Rxa2 55. Rb6 Rb2 56. Rb7 Rb1 57. Ke4 Rg1 58. Kf4 Rb1 59. b4
Kf6 60. Rb6+ Kg7 61. Rb8 Kf6 62. Ke4 Rg1 63. Kf4 Rb1 64. Rb7 Rb2 65. Ke3 Rg2
66. Kf4 Rb2 67. Ke3 Rg2 68. Rc7 Rxg3 69. Rc2 Rh3 70. Rc4 Rh1 71. Rf4+ Ke6 72.
Kd4 f6 73. Kc5 Rc1+ 74. Kd4 1/2-1/2

[Event "PSNA CET 45th National Junior (U-19) Ch"]
[Site "PSNA College of Engineering &"]
[Date "2015.07.27"]
[Round "7.6"]
[White "Ganesh, R."]
[Black "Pranavananda, V."]
[Result "1/2-1/2"]
[WhiteElo "2139"]
[BlackElo "2246"]
[PlyCount "125"]
[EventDate "2015.07.23"]
[EventRounds "11"]
[EventCountry "IND"]
[SourceDate "2003.06.08"]

1. d4 g6 2. c4 Bg7 3. Nc3 c5 4. d5 Bxc3+ 5. bxc3 f5 6. Qa4 Nf6 7. Nh3 Qb6 8. g3
Qa6 9. Qxa6 Nxa6 10. f3 d6 11. Nf2 e5 12. e4 fxe4 13. fxe4 O-O 14. Bh6 Rf7 15.
Be2 Bd7 16. a4 Kh8 17. O-O Ng8 18. Be3 Raf8 19. Rfb1 Bc8 20. a5 Kg7 21. Kg2 Nf6
22. Rb2 Nh5 23. Kg1 Nf6 24. Rab1 h6 25. Kg2 g5 26. h3 h5 27. Bxg5 Kg6 28. Be3
Nh7 29. Rf1 Nc7 30. Rbb1 Ne8 31. g4 hxg4 32. Nxg4 Rxf1 33. Bxf1 Ng5 34. Be2 Rh8
35. Nf2 Nxh3 36. Rh1 Nf4+ 37. Bxf4 Rxh1 38. Kxh1 exf4 39. Nd3 Kg5 40. Kg2 b6
41. axb6 axb6 42. e5 Ba6 43. e6 Bxc4 44. Nxf4 Bxe2 45. Nxe2 b5 46. Kf3 Nf6 47.
c4 bxc4 48. Nc3 Kf5 49. Ke3 Ke5 50. Kd2 Kd4 51. Kc2 Ke5 52. Kd2 Nxd5 53. Nxd5
Kxe6 54. Nc7+ Ke5 55. Kc3 d5 56. Nb5 Ke4 57. Nd6+ Ke3 58. Nxc4+ Ke2 59. Nb2 Ke3
60. Nd3 c4 61. Nb2 Ke4 62. Nxc4 dxc4 63. Kxc4 1/2-1/2

[Event "PSNA CET 45th National Junior (U-19) Ch"]
[Site "PSNA College of Engineering &"]
[Date "2015.07.27"]
[Round "7.7"]
[White "Gajwa, Ankit"]
[Black "Harshal, Shahi"]
[Result "1-0"]
[WhiteElo "2107"]
[BlackElo "2228"]
[PlyCount "93"]
[EventDate "2015.07.23"]
[EventRounds "11"]
[EventCountry "IND"]
[SourceDate "2003.06.08"]

1. e4 c5 2. Nf3 e6 3. d4 cxd4 4. Nxd4 Nc6 5. Nc3 Qc7 6. Be3 a6 7. Qf3 Nf6 8.
O-O-O Bb4 9. Nxc6 Qxc6 10. Bd4 Bxc3 11. Bxc3 Qxe4 12. Qxe4 Nxe4 13. Bxg7 Rg8
14. Bd4 f5 15. Be2 d6 16. g4 e5 17. Bb6 Ke7 18. Bd3 Nc5 19. Bxc5 dxc5 20. gxf5
Rf8 21. Rhe1 Kf6 22. Bc4 Bxf5 23. Rd6+ Kg5 24. Rxe5 b5 25. Bd3 c4 26. Rxf5+
Rxf5 27. Bxf5 Kxf5 28. Rh6 Ra7 29. Kd2 Kf4 30. a4 Kf3 31. a5 Kxf2 32. Kc3 Ke3
33. Re6+ Kf4 34. Kd4 Kf5 35. Rh6 Kg5 36. Rd6 h5 37. Kc5 Rf7 38. Rxa6 Rf2 39.
Rb6 Rxc2 40. Rxb5 Kg4 41. a6 c3 42. bxc3 Rxc3+ 43. Kb6 h4 44. a7 Rc8 45. Kb7
Re8 46. a8=Q Rxa8 47. Kxa8 1-0

[Event "PSNA CET 45th National Junior (U-19) Ch"]
[Site "PSNA College of Engineering &"]
[Date "2015.07.27"]
[Round "7.8"]
[White "Sammed Jaykumar, Shete"]
[Black "Marthandan, K U."]
[Result "1-0"]
[WhiteElo "2267"]
[BlackElo "1907"]
[PlyCount "63"]
[EventDate "2015.07.23"]
[EventRounds "11"]
[EventCountry "IND"]
[SourceDate "2003.06.08"]

1. Nf3 Nf6 2. g3 g6 3. Bg2 Bg7 4. O-O O-O 5. c4 d6 6. d4 c5 7. b3 Nc6 8. Bb2
Bf5 9. d5 Nb4 10. Nbd2 Rb8 11. Ne1 Bd7 12. Nc2 b5 13. Nxb4 cxb4 14. e4 Ng4 15.
Bxg7 Kxg7 16. Qe2 bxc4 17. bxc4 Bc8 18. h3 Ne5 19. f4 Nd7 20. e5 Nc5 21. Kh2 a5
22. g4 Qc7 23. Rae1 Ba6 24. Rf3 Nd7 25. exd6 exd6 26. Re3 Nb6 27. Re7 Qc5 28.
Ne4 Qd4 29. Rd1 Bxc4 30. Qc2 Bd3 31. Rxd3 Rbc8 32. Qd1 1-0

[Event "PSNA CET 45th National Junior (U-19) Ch"]
[Site "PSNA College of Engineering &"]
[Date "2015.07.27"]
[Round "7.9"]
[White "Karthik, V.   Ap"]
[Black "Satkar, Chirag"]
[Result "1-0"]
[WhiteElo "2256"]
[BlackElo "2055"]
[PlyCount "79"]
[EventDate "2015.07.23"]
[EventRounds "11"]
[EventCountry "IND"]
[SourceDate "2003.06.08"]

1. d4 d5 2. c4 c6 3. Nc3 Nf6 4. Nf3 e6 5. e3 Nbd7 6. Qc2 Bd6 7. Bd3 dxc4 8.
Bxc4 b5 9. Bd3 Bb7 10. O-O O-O 11. a3 Qe7 12. Bd2 a5 13. Ne2 b4 14. e4 e5 15.
Ng3 g6 16. Nh4 Ne8 17. Nhf5 gxf5 18. Nxf5 Qe6 19. Bh6 Kh8 20. f4 exd4 21. Bxf8
Bxf8 22. Bc4 Qg6 23. Rf3 Ng7 24. Rg3 Qf6 25. Nxg7 Bxg7 26. e5 Qe7 27. Qf5 f6
28. axb4 fxe5 29. Bd3 e4 30. Bxe4 Nf6 31. Bd3 Qxb4 32. Rh3 h6 33. Rxh6+ Bxh6
34. Qxf6+ Bg7 35. Qg6 Kg8 36. Qe6+ Kh8 37. Bc4 Qf8 38. Ra3 d3 39. Rxd3 Qxf4 40.
Rh3+ 1-0